000 01309nam a2200349 i 4500
003 DO-SdBNP
005 20260413131828.0
007 ta
008 260413b2025 pr a|||| |||| 00| 0 spa d
020 _a9789945637854
040 _aDO-SdBNP
_bspa
_cBNPHU
_erda
041 1 7 _aspa
_heng
082 4 _aPR861.44
_bB114f 2025
_222
100 _aBabín, María Teresa,
_d1910-1989
_eautor
_4aut.
_939160
245 1 0 _aFantasía boricua =Boriquen fantasy
_bestampas de mi tierra /
_cMaría Teresa Babín ; prólogo, Carmen Dolores Hernández ; traducción, Andrew Hurley
246 1 _aBorinquen fantasy
264 4 _aSan Juan, Puerto Rico :
_bEditorial Isla Negra,
_c©2025.
300 _a192 páginas :
_bilustraciones ;
_c26 cm.
336 _atexto
_btxt
_2rdacontent
337 _asin mediación
_bnc
_2rdamedia
338 _avolumen
_bnc
_2rdacarrier
490 1 _aColección El Cañón Secuestrado
590 _aInventariado, 2026/BT
650 4 _aPoesía puertorriqueña
_91015
650 4 _aLiteratura puertorriqueña
_9250
651 4 _aPuerto Rico
_xVida social y costumbres
_99074
651 4 _aPuerto Rico
_xDescripciones y viajes
_916125
700 1 _aHernández, Carmen Dolores,
_eprologuista
_4pr
_953394
700 1 _aHurley, Andrew,
_etraductor
_4tr.
_989319
910 _aBtavárez
942 _2ddc
_cLBS1
999 _c60542
_d60542